000 00957nas a2200313 4500
001 BR2013009272
003 BR-BrBNA
005 20231205123240.0
007 ta
008 230509b bl.|||p| |||| 00| 00por d
040 _aBR-BrBNA
_bpor
_cBiblioteca Nacional de Agricultura
041 _a(Pt)
072 _aP33
100 1 _aDortzbach, D.
100 1 _aAraújo, I.S.
100 1 _aPandolfo, C.M.
100 1 _aVeiga, M. da
245 1 _aCarbono e nitrogênio no solo e na biomassa microbiana em glebas com diferentes usos e períodos de aplicação de dejetos líquidos de suínos
650 _aQUÍMICA DO SOLO
650 _aSUÍNO
650 _aDEJETO
650 _aMILHO
650 _aADUBO ORGÂNICO
650 _aCARBONO
650 _aNITROGÊNIO
773 0 _tAgropecuária Catarinense (Brazil)
_xISSN 0103-0779
_g(Jul 2013), v. 26(2) p. 69-73
_wBR2013009272
909 _a202311
_bLúcia
_c55
_dLúcia Elande
942 _2AGRIS
_n0
_cANA
999 _c232920
_d232920